000 00308nam a22001337a 4500
008 170815b xxu||||| |||| 00| 0 eng d
020 _a9780137256495
041 _aeng
080 _a51
100 _a36
101 _aMAT
245 _aDATA STRUCTURES AND PROGRAM DESIGN C
_cKRUSE.R.L
942 _2udc
_cBK
999 _c23475
_d23475